Historias breves para leer nivel intermedio
Salvato in:
| Autore principale: | |
|---|---|
| Natura: | Libro |
| Lingua: | spagnolo |
| Pubblicazione: |
Madrid
Sociedad General Española de Librería (SGEL)
2008
|
| Edizione: | séptima edición |
| Soggetti: | |
| Tags: |
Nessun Tag, puoi essere il primo ad aggiungerne!!
|
MARC
| LEADER | 00000nam a2200000 4500 | ||
|---|---|---|---|
| 001 | 0242774 | ||
| 005 | 20240226134118.9 | ||
| 020 | |a 978-84-7147-325-7 | ||
| 020 | |a 978-84-7143-732-5 | ||
| 041 | 0 | |a spa | |
| 044 | |a ES | ||
| 245 | 1 | 0 | |a Historias breves para leer |b nivel intermedio |c Joaquín Masoliver |
| 250 | |a séptima edición | ||
| 264 | 1 | |a Madrid |b Sociedad General Española de Librería (SGEL) |c 2008 | |
| 300 | |a 119 s. | ||
| 610 | 2 | 0 | |a jazykoveda |
| 610 | 2 | 0 | |a terminológia |
| 610 | 2 | 0 | |a jazyky cudzie |
| 610 | 2 | 0 | |a španielčina |
| 100 | 1 | |a Masoliver, Joaquín | |